Vincitori UEFA Europa League - Statistics

Statistiche generali
  • Questo quiz è stato fatto 878 volte
    341 dall'ultimo reset
  • Il punteggio medio è 39 su 54
Statistiche sulle risposte
Edizioni Vincitori % Corretto
2005-2006 Siviglia
95%
2006-2007 Siviglia
95%
2013-2014 Siviglia
95%
2014-2015 Siviglia
95%
2015-2016 Siviglia
95%
2019-2020 Siviglia
95%
2022-2023 Siviglia
95%
1990-1991 Inter
94%
1993-1994 Inter
94%
1997-1998 Inter
94%
1976-1977 Juventus
91%
1989-1990 Juventus
91%
1992-1993 Juventus
91%
2016-2017 Manchester United
91%
1971-1972 Tottenham
89%
1983-1984 Tottenham
89%
2024-2025 Tottenham
89%
2012-2013 Chelsea
86%
2018-2019 Chelsea
86%
2023-2024 Atalanta
85%
2009-2010 Atlético Madrid
84%
2011-2012 Atlético Madrid
84%
2017-2018 Atlético Madrid
84%
1984-1985 Real Madrid
82%
1985-1986 Real Madrid
82%
1994-1995 Parma
80%
1998-1999 Parma
80%
2002-2003 Porto
80%
2010-2011 Porto
80%
1972-1973 Liverpool
78%
1975-1976 Liverpool
78%
2000-2001 Liverpool
78%
1991-1992 Ajax
73%
1988-1989 Napoli
69%
1995-1996 Bayern Monaco
68%
1977-1978 PSV
65%
2003-2004 Valencia
63%
2020-2021 Villarreal
63%
1979-1980 Eintracht Francoforte
58%
2021-2022 Eintracht Francoforte
58%
1973-1974 Feyenoord
57%
2001-2002 Feyenoord
57%
2007-2008 Zenit San-Pietroburgo
47%
1999-2000 Galatasaray
46%
2004-2005 CSKA Mosca
45%
1987-1988 Bayer Leverkusen
38%
1982-1983 Anderlecht
35%
1974-1975 Borussia Mönchengladbach
33%
1978-1979 Borussia Mönchengladbach
33%
1981-1982 IFK Göteborg
30%
1986-1987 IFK Göteborg
30%
2008-2009 Šachtar
30%
1996-1997 Schalke 04
28%
1980-1981 Ipswich Town
20%
Nessun quiz corrispondente trovato
Distribuzione punteggi
Percentuale di utenti per punteggio
Percentile per numero di risposta
I tuoi punteggi nel tempo
Non hai fatto questo quiz dall'ultimo reset